<?xml version="1.0" encoding="UTF-8"?>
<record
    xmlns:xsi="http://www.w3.org/2001/XMLSchema-instance"
    xsi:schemaLocation="http://www.loc.gov/MARC21/slim http://www.loc.gov/standards/marcxml/schema/MARC21slim.xsd"
    xmlns="http://www.loc.gov/MARC21/slim">

  <leader>02642cam a2200505 i 4500</leader>
  <controlfield tag="001">zz2004848177</controlfield>
  <controlfield tag="003">NUKAT</controlfield>
  <controlfield tag="005">20260429212542.0</controlfield>
  <controlfield tag="008">040504s1936    pl           |000 0 pol c</controlfield>
  <datafield tag="035" ind1=" " ind2=" ">
    <subfield code="a">(OCoLC)1424196596</subfield>
  </datafield>
  <datafield tag="035" ind1=" " ind2=" ">
    <subfield code="a">(NUKAT)zz2004848177</subfield>
  </datafield>
  <datafield tag="040" ind1=" " ind2=" ">
    <subfield code="a">GD U/TZ</subfield>
    <subfield code="b">pol</subfield>
    <subfield code="e">rda</subfield>
    <subfield code="c">GD U/TZ</subfield>
    <subfield code="d">GD U/TZ</subfield>
    <subfield code="d">GD U/TZs</subfield>
    <subfield code="d">GD U/Doro</subfield>
    <subfield code="d">OLSZT 008/AL</subfield>
  </datafield>
  <datafield tag="245" ind1="0" ind2="0">
    <subfield code="a">Polska w czasie wielkiej wojny (1914-1918).</subfield>
    <subfield code="n">T. 3,</subfield>
    <subfield code="p">Historja ekonomiczna /</subfield>
    <subfield code="c">Fundacja Pokojowa Carnegiego.</subfield>
  </datafield>
  <datafield tag="246" ind1="1" ind2="5">
    <subfield code="a">Historja ekonomiczna</subfield>
  </datafield>
  <datafield tag="260" ind1=" " ind2=" ">
    <subfield code="a">Warszawa :</subfield>
    <subfield code="b">Towarzystwo Badania Zagadnie&#x144; Mi&#x119;dzynarodowych,</subfield>
    <subfield code="c">1936.</subfield>
  </datafield>
  <datafield tag="300" ind1=" " ind2=" ">
    <subfield code="a">489 stron ;</subfield>
    <subfield code="c">25 cm.</subfield>
  </datafield>
  <datafield tag="336" ind1=" " ind2=" ">
    <subfield code="a">Tekst</subfield>
    <subfield code="b">txt</subfield>
    <subfield code="2">rdacontent</subfield>
  </datafield>
  <datafield tag="337" ind1=" " ind2=" ">
    <subfield code="a">Bez urz&#x105;dzenia po&#x15B;rednicz&#x105;cego</subfield>
    <subfield code="b">n</subfield>
    <subfield code="2">rdamedia</subfield>
  </datafield>
  <datafield tag="338" ind1=" " ind2=" ">
    <subfield code="a">Wolumin</subfield>
    <subfield code="b">nc</subfield>
    <subfield code="2">rdacarrier</subfield>
  </datafield>
  <datafield tag="380" ind1=" " ind2=" ">
    <subfield code="a">Ksi&#x105;&#x17C;ki</subfield>
  </datafield>
  <datafield tag="490" ind1="1" ind2=" ">
    <subfield code="a">Polska w czasie wielkiej wojny (1914-1918). Historja spo&#x142;eczna i ekonomiczna / pod red. Marcelego Handelsmana ;</subfield>
    <subfield code="v">t. 3</subfield>
  </datafield>
  <datafield tag="490" ind1="1" ind2=" ">
    <subfield code="a">Biblioteka Historyczna Towarzystwa Badania Zagadnie&#x144; Mi&#x119;dzynarodowych ;</subfield>
    <subfield code="v">t. 3</subfield>
  </datafield>
  <datafield tag="500" ind1=" " ind2=" ">
    <subfield code="a">Strona przedtytu&#x142;owa: Wydawnictwo Fundacji Pokojowej Carnegiego. Oddzia&#x142; Ekonomiczno-Historyczny / pod redakcj&#x105; James T. Shotwell'a.</subfield>
  </datafield>
  <datafield tag="504" ind1=" " ind2=" ">
    <subfield code="a">Bibliografia przy dzie&#x142;ach wsp&#xF3;&#x142;wydanych.</subfield>
  </datafield>
  <datafield tag="505" ind1="0" ind2=" ">
    <subfield code="a">Zniszczenia i szkody wojenne / J&#xF3;zef Bankiewicz, Bohdan Domos&#x142;awski. Przemys&#x142; i handel Polski / Hipolit Gliwic. Rolnictwo Polski 1914-1920 / W&#x142;adys&#x142;aw Grabski, J&#xF3;zef Stojanowski, Jan War&#x119;&#x17C;ak.</subfield>
  </datafield>
  <datafield tag="648" ind1=" " ind2="7">
    <subfield code="a">1901-2000</subfield>
    <subfield code="2">DBN</subfield>
    <subfield code="9">34996</subfield>
  </datafield>
  <datafield tag="648" ind1=" " ind2="7">
    <subfield code="a">1914-1918</subfield>
    <subfield code="2">DBN</subfield>
    <subfield code="9">36040</subfield>
  </datafield>
  <datafield tag="650" ind1=" " ind2="7">
    <subfield code="a">Gospodarka</subfield>
    <subfield code="2">DBN</subfield>
    <subfield code="9">35937</subfield>
  </datafield>
  <datafield tag="650" ind1=" " ind2="7">
    <subfield code="a">Szkody wojenne</subfield>
    <subfield code="z">Polska</subfield>
    <subfield code="y">1900-1945.</subfield>
    <subfield code="2">kaba</subfield>
    <subfield code="9">40936</subfield>
  </datafield>
  <datafield tag="650" ind1=" " ind2="7">
    <subfield code="a">Wojna &#x15B;wiatowa (1914-1918)</subfield>
    <subfield code="x">zniszczenia i grabie&#x17C;</subfield>
    <subfield code="z">Polska.</subfield>
    <subfield code="2">kaba</subfield>
    <subfield code="9">40937</subfield>
  </datafield>
  <datafield tag="651" ind1=" " ind2="7">
    <subfield code="a">Polska</subfield>
    <subfield code="2">DBN</subfield>
    <subfield code="9">35076</subfield>
  </datafield>
  <datafield tag="658" ind1=" " ind2=" ">
    <subfield code="a">Gospodarka, ekonomia, finanse</subfield>
  </datafield>
  <datafield tag="700" ind1="1" ind2=" ">
    <subfield code="a">Domos&#x142;awski, Bohdan.</subfield>
    <subfield code="e">Autor</subfield>
    <subfield code="9">40938</subfield>
  </datafield>
  <datafield tag="700" ind1="1" ind2=" ">
    <subfield code="a">Handelsman, Marceli</subfield>
    <subfield code="d">(1882-1945).</subfield>
    <subfield code="e">Redakcja</subfield>
    <subfield code="9">877</subfield>
  </datafield>
  <datafield tag="700" ind1="1" ind2=" ">
    <subfield code="a">Stojanowski, J&#xF3;zef.</subfield>
    <subfield code="e">Autor</subfield>
    <subfield code="9">40939</subfield>
  </datafield>
  <datafield tag="700" ind1="1" ind2=" ">
    <subfield code="a">War&#x119;&#x17C;ak, Jan</subfield>
    <subfield code="d">(1896-1967).</subfield>
    <subfield code="e">Autor</subfield>
    <subfield code="9">40940</subfield>
  </datafield>
  <datafield tag="700" ind1="1" ind2="2">
    <subfield code="a">Bankiewicz, J&#xF3;zef.</subfield>
    <subfield code="t">Zniszczenia i szkody wojenne</subfield>
    <subfield code="l">(pol.)</subfield>
    <subfield code="9">40943</subfield>
  </datafield>
  <datafield tag="700" ind1="1" ind2="2">
    <subfield code="a">Gliwic, Hipolit</subfield>
    <subfield code="d">(1878-1943).</subfield>
    <subfield code="t">Przemys&#x142; i handel Polski</subfield>
    <subfield code="l">(pol.)</subfield>
    <subfield code="9">40944</subfield>
  </datafield>
  <datafield tag="700" ind1="1" ind2="2">
    <subfield code="a">Grabski, W&#x142;adys&#x142;aw</subfield>
    <subfield code="d">(1874-1938).</subfield>
    <subfield code="t">Rolnictwo Polski 1914-1920</subfield>
    <subfield code="l">(pol.)</subfield>
    <subfield code="9">1642</subfield>
  </datafield>
  <datafield tag="710" ind1="2" ind2=" ">
    <subfield code="a">Carnegie Corporation of New York.</subfield>
    <subfield code="e">Instytucja sprawcza</subfield>
    <subfield code="9">40941</subfield>
  </datafield>
  <datafield tag="710" ind1="2" ind2=" ">
    <subfield code="a">Towarzystwo Badania Zagadnie&#x144; Mi&#x119;dzynarodowych.</subfield>
    <subfield code="e">Wydawca</subfield>
    <subfield code="4">pbl</subfield>
    <subfield code="9">40942</subfield>
  </datafield>
  <datafield tag="830" ind1=" " ind2="0">
    <subfield code="a">Polska w czasie wielkiej wojny (1914-1918)</subfield>
    <subfield code="v">t. 3</subfield>
  </datafield>
  <datafield tag="830" ind1=" " ind2="0">
    <subfield code="a">Biblioteka Historyczna Towarzystwa Badania Zagadnie&#x144; Mi&#x119;dzynarodowych</subfield>
    <subfield code="v">t. 3</subfield>
    <subfield code="9">40945</subfield>
  </datafield>
  <datafield tag="942" ind1=" " ind2=" ">
    <subfield code="2">ddc</subfield>
    <subfield code="c">BK_NM</subfield>
  </datafield>
  <datafield tag="999" ind1=" " ind2=" ">
    <subfield code="c">27884</subfield>
    <subfield code="d">27884</subfield>
  </datafield>
  <datafield tag="952" ind1=" " ind2=" ">
    <subfield code="0">0</subfield>
    <subfield code="1">0</subfield>
    <subfield code="2">ddc</subfield>
    <subfield code="4">0</subfield>
    <subfield code="7">0</subfield>
    <subfield code="8">PBKH</subfield>
    <subfield code="a">BIP</subfield>
    <subfield code="b">PBKH</subfield>
    <subfield code="d">2026-04-29</subfield>
    <subfield code="e">K-31/1966</subfield>
    <subfield code="f">K</subfield>
    <subfield code="i">16769</subfield>
    <subfield code="l">0</subfield>
    <subfield code="o">16769</subfield>
    <subfield code="p">IPWK22228</subfield>
    <subfield code="r">2026-04-29 21:26:33</subfield>
    <subfield code="w">2026-04-29</subfield>
    <subfield code="y">BK_NM</subfield>
  </datafield>
</record>
